|
|
|
|
| LEADER |
00000cas a2200000 c 4500 |
| 001 |
168764415 |
| 003 |
DE-627 |
| 005 |
20231130104811.0 |
| 007 |
tu |
| 008 |
941102d19171919xx z| p| 0 |0ger c |
| 016 |
7 |
|
|a 01456145X
|2 DE-101
|
| 016 |
7 |
|
|a 844921-1
|2 DE-600
|
| 035 |
|
|
|a (DE-627)168764415
|
| 035 |
|
|
|a (DE-576)081859457
|
| 035 |
|
|
|a (DE-599)ZDB844921-1
|
| 035 |
|
|
|a (OCoLC)313547884
|
| 040 |
|
|
|a DE-627
|b ger
|c DE-627
|e rakwb
|
| 041 |
|
|
|a ger
|
| 044 |
|
|
|c XA-DXDE
|
| 082 |
0 |
4 |
|a 230
|a 360
|q DE-600
|
| 110 |
2 |
|
|e VerfasserIn
|0 (DE-588)19552-2
|0 (DE-627)100603572
|0 (DE-576)190279427
|4 aut
|a Studentenbund für Mission
|
| 245 |
1 |
0 |
|a Aussendungsblätter des Studentenbundes für Mission
|b monatliche Beilage der Furche
|
| 264 |
3 |
1 |
|a Berlin
|b Furche-Verl.
|c 1917-1919
|
| 336 |
|
|
|a Text
|b txt
|2 rdacontent
|
| 337 |
|
|
|a ohne Hilfsmittel zu benutzen
|b n
|2 rdamedia
|
| 338 |
|
|
|a Band
|b nc
|2 rdacarrier
|
| 362 |
0 |
|
|a 1917 - 1919 nachgewiesen
|
| 363 |
0 |
0 |
|i 1917
|
| 363 |
1 |
0 |
|i 1919
|
| 515 |
|
|
|a 1918 ohne Zusatz
|
| 601 |
|
|
|a Mission
|
| 655 |
|
7 |
|a Zeitschrift
|0 (DE-588)4067488-5
|0 (DE-627)10454466X
|0 (DE-576)20917000X
|2 gnd-content
|
| 773 |
0 |
8 |
|i Beil. zu
|t Die Furche
|d Berlin : Furche-Verl., 1910
|w (DE-627)130240583
|w (DE-600)545769-5
|w (DE-576)015789594
|7 nnas
|
| 935 |
|
|
|a mteo
|
| 951 |
|
|
|a JT
|
| ELC |
|
|
|b 1
|
| ORI |
|
|
|a SA-MARC-ixtheo_oa001.raw
|
| REL |
|
|
|a 1
|
| SUB |
|
|
|a REL
|